000 00562nam a22001937a 4500
005 20241209155846.0
010 _a B-761432
020 _a9788181538978
_c340.00
035 _aB-761432
037 _bGift
082 _aS
245 _aRainbow Jungle Book/
260 _aDelhi
_bRainbow Books
_c2019(repr.)
270 _aF-32, Street No.12, Parwana Road, Jagat Puri,
_b Delhi
_e110051
300 _a112p.
_c25cm(Hb)
_bcol.ill.
700 _aAakanksha
_955845
942 _2ddc
_cCH
_mRAI
_hS
999 _c207506
_d207506